CLASSROOM ENVIRONMENT IN CHILD EDUCATION (Record no. 33480)
[ view plain ]
| 000 -LEADER | |
|---|---|
| fixed length control field | 00289nam a22001337a 4500 |
| 003 - CONTROL NUMBER IDENTIFIER | |
| control field | SGT |
| 020 ## - INTERNATIONAL STANDARD BOOK NUMBER | |
| International Standard Book Number | 8179100197 |
| 082 ## - DEWEY DECIMAL CLASSIFICATION NUMBER | |
| Classification number | 371.102,THO |
| 100 ## - MAIN ENTRY--PERSONAL NAME | |
| Personal name | THOMAS, B. |
| 245 ## - TITLE STATEMENT | |
| Title | CLASSROOM ENVIRONMENT IN CHILD EDUCATION |
| 260 ## - PUBLICATION, DISTRIBUTION, ETC. (IMPRINT) | |
| Place of publication, distribution, etc | JAIPUR |
| Name of publisher, distributor, etc | APD |
| Year of Publication | 2002 |
| 300 ## - PAGE DESCRIPTION | |
| No. of Pages | 184 |
| 942 ## - ADDED ENTRY ELEMENTS (KOHA) | |
| Source of classification or shelving scheme | Dewey Decimal Classification |
| Koha item type | Books |
| Withdrawn status | Lost status | Source of classification or shelving scheme | Damaged status | Use restrictions | Not for loan | Collection code | Home library | Current library | Shelving location | Date acquired | Vendor Name | Cost, normal purchase price | SGTU | Bill Number | Full call number | Accession No. (Barcode) | Date last seen | Bill Date | Koha item type | Total Checkouts |
|---|---|---|---|---|---|---|---|---|---|---|---|---|---|---|---|---|---|---|---|---|
| Dewey Decimal Classification | Restricted Access | Not For Loan | EDUCATION | SGT Engineering Library | SGT Engineering Library | Reference Book | 22/01/2026 | BRIJWASI BOOK DISTRIBUTORS | 782.00 | SGTU | IN/BW/000365 | 371.102,THO | ED5448 | 22/01/2026 | 20/12/2025 | Books | ||||
| Dewey Decimal Classification | EDUCATION | SGT Engineering Library | SGT Engineering Library | Text Book | 22/01/2026 | BRIJWASI BOOK DISTRIBUTORS | 782.00 | SGTU | IN/BW/000365 | 371.102,THO | ED5449 | 22/01/2026 | 20/12/2025 | Books | ||||||
| Dewey Decimal Classification | EDUCATION | SGT Engineering Library | SGT Engineering Library | Text Book | 22/01/2026 | BRIJWASI BOOK DISTRIBUTORS | 782.00 | SGTU | IN/BW/000365 | 371.102,THO | ED5450 | 22/01/2026 | 20/12/2025 | Books |